Novels in Order: 30 Second Blitz Quiz Stats

 Plays Quiz Updated Dec 5, 2019

Support Sporcle.
Go Orange.
Score 0/6 Timer 00:30
1 Play Today
% Correct
Don Quixote
88.4%
Nineteen Eighty-Four
84.3%
The Great Gatsby
78.4%
Adventures of Huckleberry Finn
76.9%
Jane Eyre
74.9%
Frankenstein
69.4%

You're not logged in!

Compare scores with friends on all Sporcle quizzes.
OR
Log In

From the Vault

Celebration by Peanuts Special

by MRL

Good grief, this quiz will take you down memory lane.
Remove Ads.
Support Sporcle.
Get the best of Sporcle when you Go Orange. This ad-free experience offers more features, more stats, and more fun while also helping to support Sporcle. Thank you for becoming a member.

Show Comments

Extras

Top Quizzes Today


Score Distribution

Your Account Isn't Verified!

In order to create a playlist on Sporcle, you need to verify the email address you used during registration. Go to your Sporcle Settings to finish the process.

Report this User

Report this user for behavior that violates our Community Guidelines.

Details: